000 00555nam a22002297a 4500
003 UA-OsUOA
001 72139
007 ta
008 20101228b un ||||| |||| 00| 0 ukr d
100 _aМедуниця Ю.
700 _aПроцишин В.
090 _a32
_bМ42
942 _cSA
040 _aUA-OsUOA
_bukr
_cUA-OsUOA
_dUA-OsUOA
245 _aВерховна Рада ухвалила Держбюджет-2011
300 _aС.2
955 _a0
041 _aukr
080 _a32
773 0 _w72138
650 7 _a32 Політика
_2UDC
999 _c358424
_d358424